000 00785nam a22002297a 4500
003 UA-OsUOA
001 125339
007 ta
008 20170914b un ||||| |||| 00| 0 ukr d
090 _a82.09(477)
_bА72
942 _cBK
040 _aUA-OsUOA
_bukr
_cUA-OsUOA
_dUA-OsUOA
245 _aАнтипролог
_bзбірник наукових праць, присвячених 60-річчю члена-кореспондента НАНУ Миколи Сулими
_cупор.: Ю. В. Пелешенко, К. М. Нога
300 _a479 с.
955 _a1
041 _aukr
080 _a82.09(477)
020 _a978-966-8518-64-5
260 _aК.
_bСтилос
_c2007
650 7 _a82 Література. Літературознавство
_2UDC
999 _c412567
_d412567